00637nam a22001697a 450000500170000001000150001702000260003203500140005803700130007208200150008510000200010024501220012026000680024227000810031030000430039170000330043420221107114440.0 aENG-135621 a9789388322157c299.00 aEN-119153 bDBAD/PUB a590.723454 aSehgal, Supriya aA tigress called machhli:band other true animal stories from india/cby Supriya Sehgal; illustrated by Jit Chowdhury aGurugrambHachette book publishing india private limited c2019 a4th & 5th floors, corporate centre, plot no. 94, sector 44bGurugrame122003 avi; 162p.c20cm(hbk)bAcknowledgements aChowdhury, Jit eIllustrator